[Event "35th European Club Cup 2019"]
[Site "Ulcinj"]
[Date "2019.11.16"]
[Round "7.19"]
[White "Goldsztejn, Gildas"]
[Black "Abergel, Thal"]
[Result "0-1"]
[WhiteElo "2426"]
[BlackElo "2469"]
[Annotator "ChessBase"]
[PlyCount "184"]
[EventDate "2019.11.10"]
[EventType "team-tourn"]
[EventCountry "MNE"]
[SourceTitle "playchess.com"]
[Source "ChessBase"]
[SourceQuality "1"]
[WhiteTeam "Asnieres"]
[BlackTeam "Viernheim"]

1. e4 e5 2. Nf3 Nc6 3. Nc3 Nf6 4. Be2 Be7 5. d4 exd4 6. Nxd4 d6 7. Nxc6 bxc6 8. Be3 O-O 9. O-O c5 10. f4 Bb7 11. Bf3 Rb8 12. Rb1 Re8 13. Re1 Bf8 14. Bf2 Nd7 15. a3 Nb6 16. b4 cxb4 17. axb4 g6 18. Nb5 a6 19. Nd4 c5 20. bxc5 dxc5 21. Nb3 Qc7 22. f5 Rbd8 23. Qc1 Nc4 24. Bh4 Be7 25. Qh6 Bxh4 26. Qxh4 Ne5 27. f6 Rd6 28. Rf1 Kh8 29. Kh1 c4 30. Nc5 Bc8 31. Na4 c3 32. Qe1 Rd2 33. Qe3 Rxc2 34. Bd1 Ng4 35. Bxg4 Bxg4 36. h3 Be2 37. Rf4 Qe5 38. Nc5 Bb5 39. Rf3 Qd6 40. Nb3 Rb2 41. Qc1 Rd8 42. Rxc3 Rxb1 43. Qxb1 Qxf6 44. Rf3 Qe5 45. Qc2 Kg8 46. Rc3 Rd1+ 47. Qxd1 Qxc3 48. Qd8+ Kg7 49. Nd2 Qa1+ 50. Kh2 Qe5+ 51. Kh1 h6 52. Qb6 Bd3 53. Qe3 Qc3 54. e5 Qc1+ 55. Kh2 Bf5 56. Qf4 Qc3 57. Nf3 Qd3 58. Qh4 g5 59. Qb4 Qe4 60. Qd6 Qf4+ 61. Kg1 Be4 62. Nd2 Bb7 63. Qd7 a5 64. Qxb7 Qxd2 65. Qe7 Qf4 66. Qc5 a4 67. Qc3 h5 68. e6+ Qf6 69. Qb4 Qa1+ 70. Kh2 Qe5+ 71. Kg1 Qe3+ 72. Kh2 fxe6 73. Qe7+ Kg6 74. Qe8+ Kf6 75. Qf8+ Ke5 76. Qb8+ Kf5 77. Qf8+ Ke4 78. Qa8+ Kd3 79. Qa6+ Kc3 80. Qc6+ Kb3 81. Qb5+ Ka3 82. Qb1 Qe5+ 83. Kh1 Qc3 84. Qd1 h4 85. Qd6+ Kb2 86. Qxe6 a3 87. Qe2+ Kb1 88. Qb5+ Qb2 89. Qd3+ Ka1 90. Kh2 Qe5+ 91. Kg1 Qe1+ 92. Kh2 Qg3+ 0-1

[Event "35th European Club Cup 2019"]
[Site "Ulcinj"]
[Date "2019.11.16"]
[Round "7.20"]
[White "Postny, Evgeny"]
[Black "Yemelin, Vasily"]
[Result "1/2-1/2"]
[WhiteElo "2615"]
[BlackElo "2533"]
[Annotator "ChessBase"]
[PlyCount "120"]
[EventDate "2019.11.10"]
[EventType "team-tourn"]
[EventCountry "MNE"]
[SourceTitle "playchess.com"]
[Source "ChessBase"]
[SourceQuality "1"]
[WhiteTeam "Beer Sheva"]
[BlackTeam "Lysa nad Labem"]

1. d4 Nf6 2. c4 e6 3. Nf3 b6 4. g3 Bb7 5. Bg2 Be7 6. O-O O-O 7. Re1 Ne4 8. Bf4 d5 9. cxd5 exd5 10. Nc3 Nd7 11. Qc2 c5 12. Rad1 Ndf6 13. dxc5 Bxc5 14. e3 Qe7 15. h3 Nxc3 16. bxc3 Rac8 17. Be5 Ne4 18. Qb2 f6 19. Bd4 Rc7 20. Nd2 Nd6 21. Bxc5 Rxc5 22. Nb3 Rc7 23. Bxd5+ Bxd5 24. Rxd5 Ne4 25. c4 Rxc4 26. Rd4 Rfc8 27. Nd2 Nxd2 28. Qxd2 Qe6 29. Rd8+ Rxd8 30. Qxd8+ Kf7 31. Rd1 Kg6 32. Qd3+ Qe4 33. Qxe4+ Rxe4 34. Rd3 Ra4 35. a3 h5 36. Kf1 Kf5 37. f3 Ke6 38. Ke2 h4 39. g4 g5 40. Kd2 b5 41. Rb3 a6 42. Kd3 Kd5 43. Kc2 Rc4+ 44. Kb2 Rc5 45. Rd3+ Ke6 46. Rd8 Rd5 47. Ra8 Rd2+ 48. Kc3 Rh2 49. Kd4 Rxh3 50. Rxa6+ Kf7 51. Ke4 Rg3 52. Ra7+ Kg6 53. Ra8 Rg2 54. Rb8 h3 55. Rh8 h2 56. Rh3 Ra2 57. f4 gxf4 58. exf4 Rxa3 59. Rxh2 Ra4+ 60. Ke3 Ra3+ 1/2-1/2

[Event "35th European Club Cup 2019"]
[Site "Ulcinj"]
[Date "2019.11.16"]
[Round "7.20"]
[White "Tarlev, Konstantin"]
[Black "Gozzoli, Yannick"]
[Result "1/2-1/2"]
[WhiteElo "2564"]
[BlackElo "2600"]
[Annotator "ChessBase"]
[PlyCount "45"]
[EventDate "2019.11.10"]
[EventType "team-tourn"]
[EventCountry "MNE"]
[SourceTitle "playchess.com"]
[Source "ChessBase"]
[SourceQuality "1"]
[WhiteTeam "Viernheim"]
[BlackTeam "Asnieres"]

1. e4 e5 2. Nf3 Nc6 3. Bc4 Bc5 4. O-O Nf6 5. d3 d6 6. c3 h6 7. b4 Bb6 8. a4 a5 9. b5 Ne7 10. Nbd2 O-O 11. Ba3 Ng6 12. d4 Re8 13. Re1 exd4 14. Qb3 Be6 15. Bxe6 Rxe6 16. cxd4 Qd7 17. g3 Ree8 18. Rac1 Rac8 19. Bb2 Re7 20. Ba3 Ree8 21. Bb2 Re7 22. Ba3 Ree8 23. Bb2 1/2-1/2

[Event "35th European Club Cup 2019"]
[Site "Ulcinj"]
[Date "2019.11.16"]
[Round "7.20"]
[White "Maki, Veijo"]
[Black "Van der Lende, Ilias"]
[Result "1-0"]
[WhiteElo "2357"]
[BlackElo "2408"]
[Annotator "NA"]
[PlyCount "75"]
[EventDate "2019.11.10"]
[EventType "team-tourn"]
[EventCountry "MNE"]
[SourceTitle "playchess.com"]
[Source "ChessBase"]
[SourceQuality "1"]
[WhiteTeam "Tammer-Shakki"]
[BlackTeam "Kennemer Combinatie"]

1. e4 e6 2. d4 d5 3. Nd2 c5 4. Ngf3 Nc6 5. exd5 exd5 6. Bb5 Bd6 7. dxc5 Bxc5 8. O-O Nge7 9. Nb3 Bd6 10. Re1 O-O 11. Bd3 h6 12. h3 Nb4 13. Nbd4 Nxd3 14. Qxd3 Nc6 15. Be3 Qf6 16. Nxc6 bxc6 17. Bd4 Qg6 18. Qxg6 fxg6 19. Be5 Bc5 20. Bd4 Bb6 21. Re7 Bxd4 22. Nxd4 c5 23. Nb3 Bf5 24. Nxc5 Rfc8 25. b4 Bxc2 26. Rc1 Bf5 27. Rd1 a5 28. a3 axb4 29. axb4 h5 30. Rxd5 Ra1+ 31. Kh2 Ra2 32. Kg3 Rb2 33. Rd4 Ra8 34. Kh4 Rxf2 35. g4 hxg4 36. hxg4 Ra1 37. Rd8+ Kh7 38. Ree8 1-0

[Event "35th European Club Cup 2019"]
[Site "Ulcinj"]
[Date "2019.11.16"]
[Round "7.21"]
[White "Plat, Vojtech"]
[Black "Roiz, Michael"]
[Result "0-1"]
[WhiteElo "2570"]
[BlackElo "2602"]
[Annotator "ChessBase"]
[PlyCount "152"]
[EventDate "2019.11.10"]
[EventType "team-tourn"]
[EventCountry "MNE"]
[SourceTitle "playchess.com"]
[Source "ChessBase"]
[SourceQuality "1"]
[WhiteTeam "Lysa nad Labem"]
[BlackTeam "Beer Sheva"]

1. e4 c6 2. d4 d5 3. exd5 cxd5 4. Bd3 Nc6 5. c3 Qc7 6. Ne2 Bg4 7. O-O e6 8. Qe1 Nf6 9. f3 Bh5 10. Bf4 Qb6 11. Nd2 Bg6 12. Qb1 Be7 13. Kh1 O-O 14. g4 Rfe8 15. Bg3 Bf8 16. Bh4 e5 17. Bxf6 gxf6 18. f4 Bxd3 19. Qxd3 exd4 20. Rf3 Qxb2 21. Rb1 Qxa2 22. Ng3 Qa6 23. Qf5 Re6 24. g5 fxg5 25. Qxg5+ Rg6 26. Qh5 dxc3 27. Rxc3 Bb4 28. Rxc6 Qxc6 29. Nf3 Bf8 30. Ng5 d4+ 31. Kg1 Bh6 32. h4 Bxg5 33. hxg5 Qc3 34. Qg4 Re8 35. Rxb7 Qd2 36. Nf1 Qe2 37. Qxe2 Rxe2 38. Rb8+ Kg7 39. Ng3 Rge6 40. Nxe2 Rxe2 41. Rd8 Re4 42. Kg2 Rxf4 43. Kg3 Rf5 44. Kg4 Ra5 45. Rxd4 h6 46. gxh6+ Kxh6 47. Rd6+ Kg7 48. Kf4 Ra1 49. Kf5 a5 50. Rd2 a4 51. Rg2+ Kf8 52. Rf2 Ke7 53. Rf4 Ra2 54. Re4+ Kf8 55. Rf4 Ra1 56. Kf6 a3 57. Rf3 Ra2 58. Kf5 Ke7 59. Re3+ Kd6 60. Rf3 Kd5 61. Kf4 Ra1 62. Kf5 Kd4 63. Kf4 Kc4 64. Kf5 Kb4 65. Rf4+ Kc3 66. Rf3+ Kd2 67. Kf4 Ke2 68. Re3+ Kf2 69. Rc3 Ra2 70. Rb3 Kf1 71. Ke3 Re2+ 72. Kd3 a2 73. Ra3 f5 74. Ra4 Ke1 75. Rh4 Rd2+ 76. Kc4 f4 0-1

[Event "35th European Club Cup 2019"]
[Site "Ulcinj"]
[Date "2019.11.16"]
[Round "7.21"]
[White "Delchev, Aleksander"]
[Black "Muetsch, Annmarie"]
[Result "1-0"]
[WhiteElo "2561"]
[BlackElo "2240"]
[Annotator "ChessBase"]
[PlyCount "39"]
[EventDate "2019.11.10"]
[EventType "team-tourn"]
[EventCountry "MNE"]
[SourceTitle "playchess.com"]
[Source "ChessBase"]
[SourceQuality "1"]
[WhiteTeam "Asnieres"]
[BlackTeam "Viernheim"]

1. Nf3 Nf6 2. c4 g6 3. g3 Bg7 4. Bg2 O-O 5. O-O c6 6. d4 d5 7. Qb3 Qb6 8. Nc3 Rd8 9. Rd1 Na6 10. Qxb6 axb6 11. Na4 Nd7 12. cxd5 cxd5 13. Bf4 e6 14. Rdc1 Nb4 15. Nc3 Nf6 16. Bc7 Re8 17. Bxb6 Ne4 18. a3 Na6 19. Nxe4 dxe4 20. Ne5 1-0

[Event "35th European Club Cup 2019"]
[Site "Ulcinj"]
[Date "2019.11.16"]
[Round "7.21"]
[White "Van Baar, Esper"]
[Black "Ahvenjarvi, Jani"]
[Result "0-1"]
[WhiteElo "2176"]
[BlackElo "2309"]
[Annotator "NA"]
[PlyCount "33"]
[EventDate "2019.11.10"]
[EventType "team-tourn"]
[EventCountry "MNE"]
[SourceTitle "playchess.com"]
[Source "ChessBase"]
[SourceQuality "1"]
[WhiteTeam "Kennemer Combinatie"]
[BlackTeam "Tammer-Shakki"]

1. e4 e5 2. Nf3 Nc6 3. Bc4 Nf6 4. d3 Be7 5. O-O O-O 6. Nbd2 d6 7. a4 h6 8. Re1 Re8 9. c3 Bf8 10. Qb3 Qe7 11. a5 Rb8 12. Qc2 Be6 13. b4 a6 14. Ba3 Qd7 15. Bxe6 Rxe6 16. Reb1 d5 17. b5 0-1

[Event "35th European Club Cup 2019"]
[Site "Ulcinj"]
[Date "2019.11.16"]
[Round "7.22"]
[White "Huzman, Alexander"]
[Black "Nabaty, Tamir"]
[Result "0-1"]
[WhiteElo "2577"]
[BlackElo "2639"]
[Annotator "TA"]
[PlyCount "88"]
[EventDate "2019.11.10"]
[EventType "team-tourn"]
[EventCountry "MNE"]
[SourceTitle "playchess.com"]
[Source "ChessBase"]
[SourceQuality "1"]
[WhiteTeam "Beer Sheva"]
[BlackTeam "Lysa nad Labem"]

1. d4 e6 2. c4 g6 3. g3 Bg7 4. Bg2 Ne7 5. e3 O-O 6. Ne2 d5 7. O-O Nd7 8. Qc2 c6 9. b3 b5 10. cxb5 cxb5 11. Nbc3 Rb8 12. a3 a5 13. Nf4 Nf5 14. Nce2 Ba6 15. Bb2 Rc8 16. Qd2 a4 17. Bc3 axb3 18. Rfb1 Nd6 19. Rxb3 Ne4 20. Qd1 Nxc3 21. Nxc3 Qa5 22. Qe1 Rb8 23. Nd3 Rfc8 24. Bf1 Nb6 25. Nb4 Bb7 26. Nxb5 Nc4 27. a4 e5 28. Be2 Re8 29. Qd1 Ba8 30. Nc2 Qd8 31. dxe5 Bxe5 32. Ncd4 h5 33. h4 Rb6 34. Kg2 Rf6 35. Ra2 Bb8 36. Bf3 Ne5 37. Be2 Qd7 38. a5 Bb7 39. Nc3 Nc4 40. Ncb5 Bc8 41. Qh1 Qe7 42. Bf3 Qe5 43. Kg1 Rd8 44. Be2 Rxf2 0-1

[Event "35th European Club Cup 2019"]
[Site "Ulcinj"]
[Date "2019.11.16"]
[Round "7.22"]
[White "Beikert, Guenther"]
[Black "Olivier, Pierre"]
[Result "1-0"]
[WhiteElo "2380"]
[BlackElo "2200"]
[Annotator "NA"]
[PlyCount "78"]
[EventDate "2019.11.10"]
[EventType "team-tourn"]
[EventCountry "MNE"]
[SourceTitle "playchess.com"]
[Source "ChessBase"]
[SourceQuality "1"]
[WhiteTeam "Viernheim"]
[BlackTeam "Asnieres"]

1. d4 d5 2. c4 e6 3. Nf3 c5 4. cxd5 exd5 5. g3 Nc6 6. Bg2 Nf6 7. O-O h6 8. b3 Be7 9. dxc5 Bxc5 10. Ba3 Bxa3 11. Nxa3 O-O 12. Nb5 Bf5 13. Rc1 a6 14. Nbd4 Nxd4 15. Nxd4 Be4 16. f3 Bg6 17. Bh3 Re8 18. Qd2 Qd6 19. a4 Re7 20. Rc3 Rae8 21. Rfc1 Nh7 22. Rc8 Ng5 23. Bf1 Ne6 24. a5 Qe5 25. e3 Qf6 26. R1c3 Nxd4 27. exd4 Rxc8 28. Rxc8+ Kh7 29. Kf2 Bf5 30. Rc5 Qe6 31. b4 Bh3 32. Be2 Bf5 33. Rc3 Qd6 34. Qf4 Qxf4 35. gxf4 Kg6 36. Rc5 Be6 37. Bd1 Kf6 38. Bb3 Rd7 39. Ke3 g6 1-0

[Event "35th European Club Cup 2019"]
[Site "Ulcinj"]
[Date "2019.11.16"]
[Round "7.22"]
[White "Mertanen, Janne"]
[Black "Mesman, Edwyn"]
[Result "1/2-1/2"]
[WhiteElo "2252"]
[BlackElo "2156"]
[Annotator "NA"]
[PlyCount "60"]
[EventDate "2019.11.10"]
[EventType "team-tourn"]
[EventCountry "MNE"]
[SourceTitle "playchess.com"]
[Source "ChessBase"]
[SourceQuality "1"]
[WhiteTeam "Tammer-Shakki"]
[BlackTeam "Kennemer Combinatie"]

1. d4 Nf6 2. Bg5 d5 3. Bxf6 gxf6 4. c4 c6 5. cxd5 cxd5 6. Nc3 Bg7 7. e3 Nc6 8. Rc1 O-O 9. Bd3 e6 10. Qh5 f5 11. Nge2 Qf6 12. f4 Qg6 13. Qf3 b6 14. a3 Bd7 15. b4 Ne7 16. Rg1 Nc8 17. Bb1 Nd6 18. g4 fxg4 19. Rxg4 Qh6 20. Rg5 f5 21. Ng3 Kh8 22. Nh5 Rg8 23. Bd3 Rac8 24. Kd2 Nf7 25. Rg3 Bf6 26. Nxf6 Qxf6 27. Rcg1 Nd6 28. Qh5 Rxg3 29. hxg3 Rg8 30. g4 Qf7 1/2-1/2

[Event "35th European Club Cup 2019"]
[Site "Ulcinj"]
[Date "2019.11.16"]
[Round "7.23"]
[White "Rogozenco, Dorian"]
[Black "Mikhalevski, Victor"]
[Result "1/2-1/2"]
[WhiteElo "2484"]
[BlackElo "2570"]
[Annotator "ChessBase"]
[PlyCount "112"]
[EventDate "2019.11.10"]
[EventType "team-tourn"]
[EventCountry "MNE"]
[SourceTitle "playchess.com"]
[Source "ChessBase"]
[SourceQuality "1"]
[WhiteTeam "Lysa nad Labem"]
[BlackTeam "Beer Sheva"]

1. d4 Nf6 2. c4 g6 3. Nc3 d5 4. cxd5 Nxd5 5. e4 Nxc3 6. bxc3 Bg7 7. Nf3 c5 8. Rb1 O-O 9. Be2 Nc6 10. d5 Ne5 11. Nxe5 Bxe5 12. Qd2 e6 13. f4 Bc7 14. O-O exd5 15. exd5 Ba5 16. d6 b6 17. Bf3 Bf5 18. Bxa8 Bxb1 19. Bc6 Bf5 20. Re1 Qf6 21. Bb2 Rd8 22. Re8+ Rxe8 23. Bxe8 a6 24. a4 Qd4+ 25. Qxd4 cxd4 26. d7 b5 27. cxd4 b4 28. d5 Kf8 29. d6 Be6 30. Bf6 b3 31. Kf2 Kg8 32. Ke2 Bd8 33. Bd4 Kf8 34. Kd1 a5 35. Kc1 f5 36. Kb2 Bd5 37. g3 Bc4 38. Bc3 Bd5 39. h3 Be6 40. Ka3 Kg8 41. Bd4 Kf8 42. h4 Bd5 43. h5 Bf7 44. hxg6 hxg6 45. Bxf7 Kxf7 46. Kxb3 Ke6 47. Kc4 Kxd6 48. Kb5 Kxd7 49. Bb6 Bf6 50. Bxa5 g5 51. Bd2 gxf4 52. Bxf4 Kc8 53. Kc6 Bd8 54. Bd2 Bc7 55. Be1 Kb8 56. a5 Bxg3 1/2-1/2

[Event "35th European Club Cup 2019"]
[Site "Ulcinj"]
[Date "2019.11.16"]
[Round "7.23"]
[White "Duijn, Richard"]
[Black "Iivonen, Markku"]
[Result "1/2-1/2"]
[WhiteElo "2220"]
[BlackElo "2096"]
[Annotator "NA"]
[PlyCount "104"]
[EventDate "2019.11.10"]
[EventType "team-tourn"]
[EventCountry "MNE"]
[SourceTitle "playchess.com"]
[Source "ChessBase"]
[SourceQuality "1"]
[WhiteTeam "Kennemer Combinatie"]
[BlackTeam "Tammer-Shakki"]

1. Nf3 f5 2. d4 Nf6 3. g3 e6 4. Bg2 d5 5. O-O Bd6 6. b3 Qe7 7. a4 Nbd7 8. c4 c6 9. Ba3 Bxa3 10. Nxa3 O-O 11. Re1 Ne4 12. Ne5 Nxe5 13. dxe5 a5 14. e3 Bd7 15. Qc1 Be8 16. Nc2 Qc7 17. Qb2 Bh5 18. f4 Nc5 19. Qc3 Qb6 20. Rab1 Rfd8 21. cxd5 cxd5 22. Qd4 Rac8 23. Rec1 Be2 24. Ne1 Qb4 25. Rb2 Ba6 26. Bf1 Bxf1 27. Kxf1 Qxd4 28. exd4 Ne4 29. Rcc2 g5 30. fxg5 Nxg5 31. Nd3 Nf3 32. Rxc8 Rxc8 33. Nc5 Nxd4 34. Nxb7 Rc1+ 35. Kf2 Nc6 36. Ke3 d4+ 37. Kf4 h6 38. g4 Rf1+ 39. Kg3 Rg1+ 40. Kf2 Rxg4 41. Rc2 Nxe5 42. Nxa5 Rf4+ 43. Kg2 Nd3 44. Rc8+ Kg7 45. Nc4 Ne1+ 46. Kg1 d3 47. a5 Nf3+ 48. Kg2 d2 49. Rd8 Ne1+ 50. Kg1 Nf3+ 51. Kg2 Ne1+ 52. Kg1 Nf3+ 1/2-1/2

[Event "35th European Club Cup 2019"]
[Site "Ulcinj"]
[Date "2019.11.16"]
[Round "7.23"]
[White "Kirszenberg, Marc"]
[Black "Carbonnel, Pierre"]
[Result "1-0"]
[WhiteElo "2137"]
[BlackElo "2175"]
[Annotator "NA"]
[PlyCount "62"]
[EventDate "2019.11.10"]
[EventType "team-tourn"]
[EventCountry "MNE"]
[SourceTitle "playchess.com"]
[Source "ChessBase"]
[SourceQuality "1"]
[WhiteTeam "Asnieres"]
[BlackTeam "Viernheim"]

1. d4 d5 2. Nf3 Nf6 3. c4 dxc4 4. e3 Bg4 5. Bxc4 e6 6. Nc3 Nc6 7. Bb5 Bd6 8. e4 Nd7 9. Be3 O-O 10. h3 Bh5 11. g4 Bg6 12. h4 Bb4 13. Ng5 Nf6 14. f3 h5 15. gxh5 Bxh5 16. Qd2 e5 17. Bxc6 bxc6 18. dxe5 Nd7 19. f4 Qe7 20. Qg2 f6 21. exf6 Nxf6 22. Rh3 Ng4 23. Qe2 Rad8 24. Bd2 Qd7 25. O-O-O Nf6 26. Qc4+ Kh8 27. Rhh1 Bxd1 28. Rxd1 Bxc3 29. bxc3 Qd3 30. Qxd3 Rxd3 31. Kc2 Rg3 1-0

[Event "35th European Club Cup 2019"]
[Site "Ulcinj"]
[Date "2019.11.16"]
[Round "7.24"]
[White "Greenfeld, Alon"]
[Black "Kislinsky, Alexey"]
[Result "1/2-1/2"]
[WhiteElo "2513"]
[BlackElo "2448"]
[Annotator "ChessBase"]
[PlyCount "69"]
[EventDate "2019.11.10"]
[EventType "team-tourn"]
[EventCountry "MNE"]
[SourceTitle "playchess.com"]
[Source "ChessBase"]
[SourceQuality "1"]
[WhiteTeam "Beer Sheva"]
[BlackTeam "Lysa nad Labem"]

1. d4 Nf6 2. Nf3 g6 3. g3 c5 4. Bg2 cxd4 5. Nxd4 Bg7 6. c4 O-O 7. Nc3 Nc6 8. O-O Qa5 9. e3 Ne5 10. Qb3 d6 11. Bd2 Bd7 12. Rfd1 Qc5 13. Nd5 Nxd5 14. cxd5 Qc4 15. Rdc1 Qxb3 16. axb3 Rfc8 17. Rxc8+ Bxc8 18. b4 Nc4 19. Bc3 Bd7 20. b5 Nb6 21. Kf1 Bxd4 22. Bxd4 Bxb5+ 23. Ke1 Ba6 24. b4 Rc8 25. b5 Bxb5 26. Rxa7 Nd7 27. Rxb7 Rb8 28. Rxb8+ Nxb8 29. g4 f6 30. f4 Na6 31. h4 Bd7 32. Bf3 f5 33. gxf5 gxf5 34. Kd2 Nc7 35. Bb6 1/2-1/2

[Event "35th European Club Cup 2019"]
[Site "Ulcinj"]
[Date "2019.11.16"]
[Round "7.24"]
[White "Martin, Stefan"]
[Black "Moingt, Jean-Claude"]
[Result "0-1"]
[WhiteElo "2141"]
[BlackElo "2127"]
[Annotator "NA"]
[PlyCount "102"]
[EventDate "2019.11.10"]
[EventType "team-tourn"]
[EventCountry "MNE"]
[SourceTitle "playchess.com"]
[Source "ChessBase"]
[SourceQuality "1"]
[WhiteTeam "Viernheim"]
[BlackTeam "Asnieres"]

1. d4 Nf6 2. c4 g6 3. Nc3 Bg7 4. e4 d6 5. f3 O-O 6. Be3 c5 7. Nge2 cxd4 8. Nxd4 Nc6 9. Qd2 Nxd4 10. Bxd4 Be6 11. Rc1 Qa5 12. Be2 Rfc8 13. b3 a6 14. Be3 b5 15. Nd5 Qxd2+ 16. Kxd2 Nxd5 17. cxd5 Bd7 18. Rxc8+ Rxc8 19. Rc1 Rxc1 20. Kxc1 Kf8 21. Kc2 e6 22. dxe6 fxe6 23. Kd3 Bc6 24. f4 e5 25. g4 exf4 26. Bxf4 Ke7 27. g5 Be5 28. Bxe5 dxe5 29. Bg4 b4 30. Kc4 a5 31. Kc5 Bxe4 32. Kb5 Kd6 33. Kxa5 Kc5 34. h4 Bd3 35. h5 e4 36. hxg6 hxg6 37. Bf5 gxf5 38. g6 e3 39. g7 e2 40. g8=Q e1=Q 41. Qd8 Qc3 42. Qb8 Kd5 43. Qg8+ Ke4 44. Qg2+ Ke3 45. Qg1+ Kd2 46. Qf2+ Kc1 47. Qg1+ Kb2 48. Qg2+ Ka3 49. Qc6 Qe5+ 50. Kb6 Qb5+ 51. Qxb5 Bxb5 0-1

[Event "35th European Club Cup 2019"]
[Site "Ulcinj"]
[Date "2019.11.16"]
[Round "7.24"]
[White "Kaatiala, Pekka"]
[Black "Duijn, Rob"]
[Result "1-0"]
[WhiteElo "2004"]
[BlackElo "2220"]
[Annotator "NA"]
[PlyCount "79"]
[EventDate "2019.11.10"]
[EventType "team-tourn"]
[EventCountry "MNE"]
[SourceTitle "playchess.com"]
[Source "ChessBase"]
[SourceQuality "1"]
[WhiteTeam "Tammer-Shakki"]
[BlackTeam "Kennemer Combinatie"]

1. e4 c6 2. d4 d5 3. exd5 cxd5 4. Bd3 Nf6 5. h3 g6 6. Nf3 Bg7 7. O-O O-O 8. Nbd2 b6 9. Ne5 Bb7 10. f4 e6 11. Ndf3 Ne4 12. c3 Nd7 13. Be3 Rc8 14. Qa4 Nxe5 15. fxe5 Qc7 16. Nh2 a6 17. Ng4 b5 18. Qb3 Rb8 19. Rf3 a5 20. Raf1 Kh8 21. Nh6 f5 22. exf6 Nxf6 23. Bf4 Qe7 24. Bxb8 Bxh6 25. Be5 Bg7 26. Qxb5 Kg8 27. Bxf6 Bxf6 28. Rxf6 Rxf6 29. Rxf6 Qxf6 30. Qxb7 Qf4 31. Qb5 Qe3+ 32. Kh1 Kf7 33. Bf1 Qc1 34. Qe2 a4 35. a3 Ke7 36. Kh2 Qf4+ 37. g3 Qc1 38. Bg2 Kd7 39. Qb5+ Ke7 40. Qxa4 1-0

[Event "35th European Club Cup 2019"]
[Site "Ulcinj"]
[Date "2019.11.16"]
[Round "7.26"]
[White "Grandelius, Nils"]
[Black "Lopez Martinez, Josep Manuel"]
[Result "1-0"]
[WhiteElo "2681"]
[BlackElo "2567"]
[Annotator "TA"]
[PlyCount "65"]
[EventDate "2019.11.10"]
[EventType "team-tourn"]
[EventCountry "MNE"]
[SourceTitle "playchess.com"]
[Source "ChessBase"]
[SourceQuality "1"]
[WhiteTeam "Valerenga"]
[BlackTeam "WorldTradingLab Club"]

1. Nf3 Nf6 2. g3 g6 3. c4 Bg7 4. Nc3 O-O 5. Bg2 d6 6. d4 Nbd7 7. Bf4 c5 8. d5 a6 9. a4 Rb8 10. O-O Ne8 11. e4 Nc7 12. Qd3 f6 13. Be3 Qe8 14. Rab1 g5 15. b4 g4 16. Nh4 cxb4 17. Rxb4 a5 18. Rbb1 Na6 19. Nb5 Ne5 20. Qe2 f5 21. Nxf5 Bxf5 22. exf5 Rxf5 23. Nd4 Rf7 24. Rb5 Qc8 25. Rc1 Nc5 26. Qd1 Ned3 27. Rc2 Bxd4 28. Bxd4 Qf5 29. Re2 Rbf8 30. Qd2 h5 31. Re6 Nxf2 32. Rh6 Rg7 33. Rh8+ 1-0

[Event "35th European Club Cup 2019"]
[Site "Ulcinj"]
[Date "2019.11.16"]
[Round "7.27"]
[White "Stella, Andrea"]
[Black "Bosiocic, Marin"]
[Result "0-1"]
[WhiteElo "2475"]
[BlackElo "2598"]
[Annotator "ChessBase"]
[PlyCount "76"]
[EventDate "2019.11.10"]
[EventType "team-tourn"]
[EventCountry "MNE"]
[SourceTitle "playchess.com"]
[Source "ChessBase"]
[SourceQuality "1"]
[WhiteTeam "WorldTradingLab Club"]
[BlackTeam "Valerenga"]

1. d4 Nf6 2. c4 e6 3. Nc3 Bb4 4. Qc2 d5 5. a3 Bxc3+ 6. Qxc3 c5 7. dxc5 d4 8. Qg3 Nc6 9. Nf3 e5 10. b4 e4 11. Nd2 O-O 12. e3 Be6 13. Bb2 Nh5 14. Qd6 Qc8 15. h3 Rd8 16. Qh2 Qd7 17. Be2 dxe3 18. Nxe4 Nd4 19. Bxd4 Qxd4 20. O-O Bxc4 21. Bxc4 Qxe4 22. Be2 exf2+ 23. Rxf2 Rd2 24. Qc7 Rf8 25. Bf3 Qe3 26. Raf1 Nf4 27. Kh2 Rxf2 28. Rxf2 Qxf2 29. Qxf4 Re8 30. Qc7 g6 31. Qxb7 h5 32. Qd7 Re1 33. Qd8+ Kg7 34. h4 Qe3 35. Qd6 Rf1 36. Qg3 Qg1+ 37. Kh3 Qd4 38. Kh2 Qa1 0-1

[Event "35th European Club Cup 2019"]
[Site "Ulcinj"]
[Date "2019.11.16"]
[Round "7.28"]
[White "Predojevic, Borki"]
[Black "Barp, Alberto"]
[Result "1-0"]
[WhiteElo "2621"]
[BlackElo "2382"]
[Annotator "ChessBase"]
[PlyCount "87"]
[EventDate "2019.11.10"]
[EventType "team-tourn"]
[EventCountry "MNE"]
[SourceTitle "playchess.com"]
[Source "ChessBase"]
[SourceQuality "1"]
[WhiteTeam "Valerenga"]
[BlackTeam "WorldTradingLab Club"]

1. e4 e5 2. Nf3 Nc6 3. d4 exd4 4. Nxd4 Bc5 5. Nb3 Bb6 6. Nc3 Nf6 7. Bg5 h6 8. Bh4 d6 9. f3 Be6 10. Bb5 O-O 11. Bxc6 bxc6 12. Qe2 Qe7 13. O-O-O Bxb3 14. axb3 Qe5 15. Kb1 Nd7 16. g4 Rfe8 17. Bg3 Qc5 18. h4 Qe3 19. Qg2 Ne5 20. Rhf1 Ba5 21. Bxe5 Rxe5 22. Rd3 Qc5 23. f4 Ree8 24. g5 h5 25. g6 fxg6 26. Qxg6 Bxc3 27. Rxc3 Qd4 28. Rg3 Re7 29. f5 Qxe4 30. Qxh5 Rf8 31. Qg5 Qe5 32. h5 Qf6 33. Qf4 Qe5 34. f6 Qxf4 35. Rxf4 Ref7 36. h6 Rxf6 37. Rxg7+ Kh8 38. Rxf6 Rxf6 39. Rxc7 d5 40. h7 a5 41. Kc1 Rf1+ 42. Kd2 Rb1 43. Rxc6 Rxb2 44. Kc1 1-0

[Event "35th European Club Cup 2019"]
[Site "Ulcinj"]
[Date "2019.11.16"]
[Round "7.29"]
[White "Seresin, Francesco"]
[Black "Romanov, Evgeny"]
[Result "0-1"]
[WhiteElo "2367"]
[BlackElo "2597"]
[Annotator "ChessBase"]
[PlyCount "106"]
[EventDate "2019.11.10"]
[EventType "team-tourn"]
[EventCountry "MNE"]
[SourceTitle "playchess.com"]
[Source "ChessBase"]
[SourceQuality "1"]
[WhiteTeam "WorldTradingLab Club"]
[BlackTeam "Valerenga"]

1. d4 Nf6 2. c4 e6 3. Nc3 Bb4 4. e3 b6 5. f3 c5 6. d5 O-O 7. Nge2 Ba6 8. Nf4 Re8 9. e4 d6 10. Be2 exd5 11. Nfxd5 Nxd5 12. Qxd5 Bxc3+ 13. bxc3 Qf6 14. Bd2 Nd7 15. O-O Ne5 16. Rad1 Qe6 17. Bf4 Bxc4 18. Bxc4 Nxc4 19. Qb7 Qf6 20. Bd2 a6 21. a4 Qe7 22. Qd5 Qe6 23. Bf4 h6 24. Rf2 Qxd5 25. Rxd5 Re6 26. h4 b5 27. axb5 axb5 28. Rf1 Kf8 29. Rb1 Ra5 30. e5 dxe5 31. Bg3 Ra2 32. Rxc5 Rg6 33. Bf2 Nd2 34. Rbxb5 Nxf3+ 35. Kf1 Nd2+ 36. Kg1 Ra8 37. Rb2 Nf3+ 38. Kf1 Nh2+ 39. Kg1 Ng4 40. g3 Kg8 41. Kg2 h5 42. Rc7 Rd6 43. c4 Rad8 44. Ra7 Rd2 45. Raa2 Ne3+ 46. Kf3 Rxb2 47. Rxb2 Nxc4 48. Rc2 Rc8 49. Be3 Kh7 50. Rc1 Kg6 51. Rf1 e4+ 52. Kf4 Nxe3 53. Kxe3 Rc3+ 0-1